Statistics for Noah Kahan - New Perspective Lyrics

Click here to take the quiz!

General Stats

  • This quiz has been taken 71 times
  • The average score is 270 of 295

Answer Stats

Answer% Correct
I
100%
in
100%
No
100%
a
98%
and
98%
And
98%
do
98%
down
98%
got
98%
it
98%
new
98%
The
98%
the
98%
you
98%
You
98%
your
98%
back
96%
downtown
96%
intersection
96%
now
96%
Now
96%
of
96%
perspective
96%
Target
96%
all
94%
calling
94%
drag
94%
Oh
94%
they're
94%
this
94%
closet
92%
get
92%
is
92%
road
92%
to
92%
Attention
90%
clothes
90%
could
90%
deficit
90%
dirt
90%
full
90%
gym
90%
just
90%
kids
90%
me
90%
receipts
90%
rednecks
90%
so
90%
bags
88%
blows
88%
drunk
88%
for
88%
I'd
88%
like
88%
mine's
88%
on
88%
Paper
88%
record
88%
that
88%
their
88%
town's
88%
we
88%
were
88%
wind
88%
Wish
88%
but
86%
Central
86%
drift
86%
feel
86%
If
86%
Liberal
86%
made
86%
make
86%
making
86%
nostalgic
86%
Ohio
86%
Park
86%
something
86%
wherever
86%
don't
84%
hard
84%
shut
84%
silence
84%
stupid
84%
apartment
82%
high
82%
less
82%
can't
80%
crash
80%
even
80%
my
80%
probably
80%
sizes
78%
Two
78%
big
76%
doubt
76%
or
76%
state
76%
word
76%
Gave
75%
fly
73%
our
73%
out
73%
pronounce
73%
sings
73%
thing
73%
song
71%
bird
69%
sure
69%
key
67%
learn
67%
shirt
67%

Score Distribution

Percentile by Number Answered

Percent of People with Each Score

Your Score History

You have not taken this quiz